01721nam a2200457 i 450000100060000000300080000600500170001400600190003100700150005000800410006502000180010602000280012403500220015204000310017405000280020508000180023308200160025124501240026726400590039130000410045033600310049133700330052233800430055549000190059850400290061758800830064659001620072965000310089165000250092265000140094765000310096165000190099265000140101165500270102570000450105270000480109779700180114583000200116385600630118399900170124630310FINmELB20241216220549.0m o d | cr cnu||||||||210528s2017 mx ob 000 0 spa d z9786078559220 a9781512973136q(e-book) a(OCoLC)1257035710 aFINmELBbspaerdacFINmELB14aHF5549.5.E43bM687 2017 a343.436-057.104a658.38222300aMobbing :bhaciendo visible lo invisible /cFlorencia Peña Saint Martin, Silvia Karla Fernández Marín (editoras). 1aMéxico, D.F. :bEdiciones y Gráficos Eón,c2017. a1 recurso en línea (384 páginas) atextobtxt2rdacontent/spa acomputadorabc2rdamedia/spa arecurso en líneabcr2rdacarrier/spa1 aEón sociales aContiene bibliografía. aDescripción basada en metadatos suministrados por el editor y otras fuentes. aRecurso electrónico. Santa Fe, Arg.: elibro, 2021. Disponible vía World Wide Web. El acceso puede estar limitado para las bibliotecas afiliadas a elibro. 0aBullying in the workplace. 0aBullying in schools. 0aViolence. 4aAcoso moral en el trabajo. 4aAcoso escolar. 4aViolence. 4aLibros electrónicos.1 aSaint Martin, Florencia Peña,eeditor.1 aFernández Marín, Silvia Karla,eeditor.2 aelibro, Corp. 0aEón sociales.40uhttps://elibro.net/ereader/politecnicointernacional/120504 c30310d30310